000 00284nam a22001217a 4500
008 170815b xxu||||| |||| 00| 0 eng d
041 _aeng
080 _24 ED
_a51
100 _a36
101 _aMAT
245 _aINTRODUCTION MATHEMATICAL STATISTICS
_cHOGG.R.V
942 _2udc
_cBK
999 _c23522
_d23522